Fantastické poviedky

Bibliographic Details
Main Author: Dahl, Roald, 1916-1990 (Author)
Other Authors: Chorváthová, Ivica (Translator)
Format: Book
Language:Slovak
English
PhysicalDescription:252 s. 21 cm
Published: Bratislava Pravda 1987
Edition:1. vyd.
Subjects:

MARC

LEADER 00000cam a2200000 a 4500
001 vtls001084860
003 SK-MaSNL
005 20260301062327.0
008 240226s1987 xo g 000 j slo
015 |a SNBA1987/07 
035 |a SNK000027699 
035 |a D0D11FAE-3420-4306-9F2A-0A25E89F97D9 
035 |a urn:nbn:sk:snk-am00ihlv 
040 |a SNK  |b slo  |c SNK  |e AACR2 
041 1 |a slo  |h eng 
044 |a xo  |c SK 
072 7 |a 821.111  |x Anglická literatúra  |2 konspekt 
080 |a 821.111-32  |2 2011 
080 |a (0:82-311.9)  |2 2011 
100 1 |a Dahl, Roald,  |d 1916-1990  |4 aut  |9 101662 
240 1 0 |a Someone like you  |l Slovensky 
245 1 0 |a Fantastické poviedky  |c Roald Dahl ; [prel. Ivica Chorváthová] 
250 |a 1. vyd. 
260 |a Bratislava  |b Pravda  |c 1987  |e Bratislava  |f Pravda 
300 |a 252 s.  |c 21 cm 
366 |e 5000 výtl. 
500 |a Biogr. údaje 
500 |a Preložené z angličtiny 
655 7 |a anglické poviedky  |2 SNKPH  |9 70540 
655 7 |a English stories  |2 SNKPHeng  |9 286267 
655 7 |a vedecko-fantastické poviedky  |2 SNKPH  |9 73309 
655 7 |a Science fiction short stories  |2 SNKPHeng  |9 121370 
700 1 |a Chorváthová, Ivica  |4 trl  |9 376540 
852 |a Slovenská národná knižnica 
954 |a beletria cudzojazyčná (svetová)  |2 lita 
958 |a LX 
958 |a TL 
958 |a UP 
958 |a SV 
958 |a OND 
958 |a EUIPO 
968 |a SLO  |b ENG 
999 |c 620237  |d 622167 
952 |a SNK  |b SNK  |y PREZ  |7 0  |p 17A0936143  |o snkSC 68667  |i snkKSP 3618/87  |0 0  |1 0  |4 0  |d 2012-08-23  |f 1  |l 0  |r 2025-07-14 00:00:00  |w 2026-02-23 
952 |t P60, <05>, [BOOK], {605}  |a SNK  |b SNK  |y PREZ  |7 0  |p 17A0055837  |o snkSC 68667 D1  |0 0  |1 0  |4 0  |d 1997-03-13  |l 0  |r 2004-12-31 00:00:00  |w 2026-02-23